Técnicas de patronaje de moda : cómo realizar faldas, pantalones y camisas : mujer, hombre : faldas, faldas pantalón, corpiños y camisas, pantalones y camisas de hombre, adaptación de tallas /

Na minha lista:
Detalhes bibliográficos
Autor principal: Donnanno, Antonio (autor)
Outros Autores: Drudi, Elisabetta (ilustración) (ilustración), Lavarello, Sofía (traducción) (traducción)
Formato: Livro
Idioma:espanhol
Publicado em: Barcelona, España : Promopress, 2014, c2014
Colecção:(Biblioteca Promopress de la Moda)
Assuntos:
Tags: Adicionar Tag
Sem tags, seja o primeiro a adicionar uma tag!

MARC

LEADER 00000nam^a2200000^a^4500
001 000392526
005 20250521000000.0
009 20260310121245.187
020 |a 978-84-15967-13-2 
037 |a Acervo ITESO - Biblioteca 
041 |a ESP 
082 |a 746. 9202  |b DON S. 1 V. 1 
100 |a Donnanno, Antonio  |e (autor) 
240 1 1 |a [Técnicas de patronaje de moda] 
245 1 0 |a Técnicas de patronaje de moda :  |b cómo realizar faldas, pantalones y camisas : mujer, hombre : faldas, faldas pantalón, corpiños y camisas, pantalones y camisas de hombre, adaptación de tallas /  |c A. Donnanno ; il. de E. Drudi ; tr. por S. Lavarello. 
264 4 |a Barcelona, España :  |b Promopress,  |c 2014, c2014 
300 |a 256 p. 
336 |a texto  |b txt  |2 rdacontenido 
337 |a sin mediación  |b n  |2 rdamedio 
338 |a volumen  |b nc  |2 rdasoporte 
440 1 |a (Biblioteca Promopress de la Moda) 
500 |a Traducción de: La tecnica dei modelli: donna-uomo Volume 1 
521 |a Peticiones 2017 
649 |a XX 
650 |a Faldas 
650 |a Pantalones 
650 |a Camisas y Playeras 
650 |a Patrones (Moda) -  |x Tema Principal 
650 |a Ilustración (Diseño) 
650 |a Dibujo Técnico 
650 |a Diseño de Moda 
650 |a Moda 
700 |a Drudi, Elisabetta  |e (ilustración) 
700 |a Lavarello, Sofía  |e (traducción) 
910 |a Fondo General 
920 |a Impresos - Libros 
930 |a Reserva Especial 
905 |a 103 
901 |a 0500287163  |b IT1  |c REE  |i C154804  |u 20250521 
902 |a https://opac.biblio.iteso.mx/vufind/Record/000392526